Si Gajah yang malang

Bibliographic Details
Main Author: Hamdan Mohd Ali
Format: Book
Published: Selangor : Mika Cemerlang , 2006
Series:Siri unggas rimba
Subjects:

MARC

LEADER 00000cam a2200000 7i4500
001 0000000734
005 20220105103913.0
008 070703
020 |a 9833447015 
020 |a 9833447074(set) 
090 0 0 |a JP   |b MAL (1003) 
100 0 |a Hamdan Mohd Ali 
245 1 0 |a Si Gajah yang malang   |c Hamdan Mohd Ali 
260 |a Selangor :   |b Mika Cemerlang ,   |c 2006 
440 |a Siri unggas rimba 
500 |a Children age 4-6 years old (yellow) 
650 0 |a Malay language   |x Readers 
999 |a 0000959811   |b Book   |c Children Collection   |e Perbadanan Perpustakaan Awam Johor 
999 |a 0000959815   |b Book   |c Children Collection   |e Perbadanan Perpustakaan Awam Johor 
999 |a 0001054288   |b Book   |c Children Collection   |e Cawangan Tangkak